El Monto de las remesas familiares en México: ¿mito o realidad? /
Na minha lista:
| Autor principal: | |
|---|---|
| Outros Autores: | , |
| Formato: | Texto |
| Assuntos: | |
| Tags: |
Adicionar Tag
Sem tags, seja o primeiro a adicionar uma tag!
|
MARC
| LEADER | 00000 a a2200000 04500 | ||
|---|---|---|---|
| 001 | 11645 | ||
| 003 | |||
| 040 | |||
| 100 | |a Tuirán Gutiérrez, Rodolfo | ||
| 245 | |a El Monto de las remesas familiares en México: |b ¿mito o realidad? / |c Rodolfo Tuirán Gutiérrez ; Jorge Santibáñez Romellón ; Rodolfo Corona Vázquez | ||
| 650 | |a MIGRACION | ||
| 650 | |a REMESAS | ||
| 650 | |a MEXICO | ||
| 650 | |a REMESAS | ||
| 650 | |a POBLACION | ||
| 700 | |a Santibáñez Romellón, Jorge | ||
| 700 | |a Corona Vázquez, Rodolfo | ||
| 773 | |g volumen 12, número 50; páginas 147-169 | ||
| 999 | |c 32714 |d 32714 | ||
